00894nam a22002177a 450000500170000001000150001702000270003203500140005903700130007308200180008624501040010425000090020826000400021727001450025730000210040250000350042370000390045894200250049799900190052295201350054120230915145941.0 aENG-138008 a9789390434695c1495.00 aEN-121540 bDBAD/PUB a915.412 2021 aNorth- East India /cEdited by Ashok Kumar Bpra and Krishna DasbPhysical Landscape and Environment a2021 aAssambEBH Publishers (India)c2021 bAssama136, M.L. Nehru Road, Panbazar, Guwahatie781001k+913612513876k+913612519231k9207045352l+913612519231measternbookhouse@gmail.com a278p.c25cm(pbk) aAs Per UG & PG (CBCS) Syllabus aBorgohain, Rajdeep eAuthor956670 2ddccENh915.41mNOR c198206d198206 001040708NFICaTNbTNd2023-09-15eDBAD/PUBg1495.00l0o915.41 NORpEN-121540r2023-09-15 00:00:00t1v1495.00w2023-09-15yEN